000 00287nam a2200145Ia 4500
100 _aPatil/Sachin B
650 _aJava
942 _cBK
366 _f25
245 _aFAQ's in JAVA
260 _bSci tech
_c2011
082 _a5.133
_bPAT
546 _aENGLISH
_cInfo.Tech
999 _c23391
_d23391